Sports Quiz

Random Sports or MLB Quiz

Top 10 All Time World Series Hitters Quiz Stats

 Plays Quiz not verified by Sporcle

Score 0/35 Timer 05:00
0 Plays Today
Type Name % Correct
HRsBabe Ruth
95.8%
RBIsBabe Ruth
95.8%
HRsMickey Mantle
94.8%
RBIsMickey Mantle
94.8%
HRsReggie Jackson
90%
RBIsReggie Jackson
90%
HRsYogi Berra
89.5%
RBIsYogi Berra
89.5%
HRsLou Gehrig
88.6%
RBIsLou Gehrig
88.6%
HRsJoe DiMaggio
83%
RBIsJoe DiMaggio
83%
HRsFrank Robinson
75.9%
HRsDuke Snider
73.4%
RBIsDuke Snider
73.4%
Batting AverageDavid Ortiz
65.8%
Batting AveragePaul Molitor
61.1%
Batting AverageBarry Bonds
52.2%
Type Name % Correct
Batting AveragePepper Martin
45%
RBIsBill Dickey
43.3%
HRsChase Utley
35.3%
HRsBill Skowron
30.3%
RBIsBill Skowron
30.3%
HRsHank Bauer
23.6%
RBIsHank Bauer
23.6%
HRsGoose Goslin
22.8%
Batting AverageAmos Otis
22.2%
Batting AveragePablo Sandoval
21.3%
HRsGil McDougald
15.3%
RBIsGil McDougald
15.3%
Batting AveragePhil Garner
10.5%
Batting AverageBobby Brown
9.7%
Batting AverageMax Carey
9.5%
Batting AverageMarty Barrett
5.8%
Batting AverageJake Powell
5.5%

You're not logged in!

Compare scores with friends on all Sporcle quizzes.
OR
Log In

Sporcle TV

Today on Sporcle TV


Watch our educational content, quiz creation guides, and fun videos on Sporcle TV.

Show Comments

Extras

Top Quizzes Today


Score Distribution

Your Account Isn't Verified!

In order to create a playlist on Sporcle, you need to verify the email address you used during registration. Go to your Sporcle Settings to finish the process.

Report this User

Report this user for behavior that violates our Community Guidelines.

Details: